[Event "32. Copenhagen Open (Politiken Cup)"]
[Site "Elsinore"]
[Date "2010.07.31"]
[Round "1"]
[White "Schmied, Andreas"]
[Black "Pawlak, Wojciech Zbignew"]
[Result "1-0"]
[WhiteElo "2069"]
[BlackElo "1627"]
[PlyCount "125"]
[EventDate "2010.07.31"]
[EventType "swiss"]
[EventRounds "10"]
[EventCountry "DEN"]
[Source "ChessBase"]
[SourceDate "2010.09.01"]

1. e4 c6 2. d4 d5 3. exd5 cxd5 4. c4 Bf5 5. Nc3 Nf6 6. Nf3 Nc6 7. Bf4 e6 8. c5
a6 9. Qb3 Ra7 10. Be2 Be7 11. O-O O-O 12. Na4 Qa5 13. a3 Ne4 14. Rfd1 g5 15.
Be3 Qc7 16. Nd2 Bg6 17. Nxe4 Bxe4 18. Bd3 Bg6 19. Bxg6 hxg6 20. Rf1 Na5 21. Qb6
Qxb6 22. Nxb6 g4 23. b4 Nc6 24. f3 gxf3 25. Rxf3 Bd6 26. Nd7 Re8 27. Rd1 Raa8
28. Bf4 Rac8 29. Kf1 Kg7 30. Ke2 Bc7 31. Bg5 Bd8 32. Bf6+ Bxf6 33. Nxf6 Rh8 34.
h3 Ne7 35. g4 Rc6 36. Rdf1 Nc8 37. Nd7 f5 38. gxf5 exf5 39. Kd3 Re8 40. Rg1
Rce6 41. Ne5 Kh7 42. Rfg3 Ne7 43. Nf7 Kg7 44. Nd6 Rb8 45. Re3 Kf6 46. Rxe6+
Kxe6 47. a4 b6 48. Kc3 Kf6 49. Re1 Nc6 50. b5 axb5 51. axb5 Ne7 52. Kb4 bxc5+
53. dxc5 Nc6+ 54. Kc3 d4+ 55. Kc4 Ne5+ 56. Kd5 d3 57. c6 Nxc6 58. bxc6 Ra8 59.
c7 d2 60. Rd1 Ra5+ 61. Kc6 Ra6+ 62. Kd7 Ke5 63. Nc4+ 1-0

[Event "32. Copenhagen Open (Politiken Cup)"]
[Site "Elsinore"]
[Date "2010.07.31"]
[Round "1"]
[White "Schnurre, Henri"]
[Black "Stray, Gunnar"]
[Result "0-1"]
[WhiteElo "1605"]
[BlackElo "2055"]
[PlyCount "106"]
[EventDate "2010.07.31"]
[EventType "swiss"]
[EventRounds "10"]
[EventCountry "DEN"]
[Source "ChessBase"]
[SourceDate "2010.09.01"]

1. f4 d5 2. Nf3 Nf6 3. e3 c6 4. Be2 g6 5. O-O Bg7 6. d3 O-O 7. Bd2 Qb6 8. Qc1
Nbd7 9. Nc3 a5 10. Na4 Qa7 11. c4 dxc4 12. dxc4 Ne4 13. Rb1 Nxd2 14. Qxd2 Nf6
15. Nc3 Bf5 16. Rbd1 Qb6 17. Nd4 Ne4 18. Nxe4 Bxe4 19. Bf3 Bxf3 20. Rxf3 Rad8
21. Qe2 Bxd4 22. exd4 Rxd4 23. Rxd4 Qxd4+ 24. Re3 Rd8 25. g3 e6 26. Kg2 Qd2 27.
Kf3 Qc1 28. Rc3 Qh1+ 29. Kg4 c5 30. Rf3 Qb1 31. Kh3 Qf5+ 32. g4 Qf6 33. Kg3 Rd4
34. b3 Qd8 35. Rf2 Qd6 36. Qe5 Qxe5 37. fxe5 a4 38. Rf4 Rd3+ 39. Rf3 Rd2 40.
Rf2 Rxf2 41. Kxf2 axb3 42. axb3 g5 43. Kf3 f5 44. h3 f4 45. h4 h6 46. h5 Kf8
47. Ke2 Ke7 48. Kd3 Kd7 49. Kd2 Kc6 50. Ke2 Kb6 51. Kd3 Ka5 52. Ke2 Kb4 53. Kd3
Kxb3 0-1

[Event "32. Copenhagen Open (Politiken Cup)"]
[Site "Elsinore"]
[Date "2010.07.31"]
[Round "1"]
[White "Sjol, Henrik"]
[Black "Kaaber Hansen, Jacob"]
[Result "0-1"]
[WhiteElo "1849"]
[BlackElo "2232"]
[PlyCount "94"]
[EventDate "2010.07.31"]
[EventType "swiss"]
[EventRounds "10"]
[EventCountry "DEN"]
[Source "ChessBase"]
[SourceDate "2010.09.01"]

1. d4 Nf6 2. Nf3 e6 3. e3 Be7 4. Bd3 b6 5. O-O Bb7 6. Nbd2 d5 7. Ne5 O-O 8. Re1
Ne4 9. f3 Nxd2 10. Bxd2 f6 11. Ng4 c5 12. c3 Nc6 13. Qc2 f5 14. Nf2 g6 15. Rad1
Rc8 16. Qb1 Bf6 17. dxc5 bxc5 18. e4 fxe4 19. fxe4 d4 20. Ng4 Bg7 21. e5 Qh4
22. Nf6+ Kh8 23. Re4 Bxf6 24. Rxh4 Bxh4 25. g3 Nxe5 26. Be4 Bxe4 27. Qxe4 Nf3+
28. Kg2 Nxd2 29. Rxd2 Bg5 30. Re2 Rcd8 31. Qe5+ Bf6 32. Qxc5 d3 33. Rd2 Rf7 34.
Qe3 Rfd7 35. c4 e5 36. c5 Rd4 37. b3 Kg7 38. h4 e4 39. g4 h6 40. Qf4 g5 41. Qf5
R8d5 42. Qe6 Re5 43. Qc8 e3 44. Qb7+ Re7 45. c6 exd2 46. c7 d1=Q 47. c8=Q Rxg4+
0-1

[Event "32. Copenhagen Open (Politiken Cup)"]
[Site "Elsinore"]
[Date "2010.07.31"]
[Round "1"]
[White "Skjoldager, Per"]
[Black "Traerup, Jorgen"]
[Result "1-0"]
[WhiteElo "2137"]
[BlackElo "1742"]
[PlyCount "55"]
[EventDate "2010.07.31"]
[EventType "swiss"]
[EventRounds "10"]
[EventCountry "DEN"]
[Source "ChessBase"]
[SourceDate "2010.09.01"]

1. e4 e5 2. Bc4 Nf6 3. Nc3 c6 4. d4 b5 5. dxe5 bxc4 6. exf6 Qxf6 7. Nf3 Bb4 8.
Bd2 O-O 9. O-O Qd8 10. a3 Be7 11. e5 d6 12. exd6 Bxd6 13. Ne4 Be7 14. Qe2 Be6
15. Bc3 Qd5 16. Nd4 c5 17. Nxe6 Qxe6 18. Qf3 Nc6 19. Rfe1 Qg6 20. Ng3 Rac8 21.
Re4 Rc7 22. Rg4 Bg5 23. h4 Nd4 24. Bxd4 cxd4 25. Rxg5 Qxc2 26. Qf6 g6 27. Nh5
Qxf2+ 28. Kxf2 1-0

[Event "32. Copenhagen Open (Politiken Cup)"]
[Site "Elsinore"]
[Date "2010.07.31"]
[Round "1"]
[White "Skovgaard, Peter Nicolai"]
[Black "Thomsen, Peter"]
[Result "1-0"]
[WhiteElo "2299"]
[BlackElo "1871"]
[PlyCount "117"]
[EventDate "2010.07.31"]
[EventType "swiss"]
[EventRounds "10"]
[EventCountry "DEN"]
[Source "ChessBase"]
[SourceDate "2010.09.01"]

1. e4 e5 2. Nf3 Nc6 3. Bb5 a6 4. Ba4 Nf6 5. O-O b5 6. Bb3 Be7 7. Re1 d6 8. c3
Na5 9. Bc2 c5 10. d4 Qc7 11. h3 O-O 12. Nbd2 cxd4 13. cxd4 Bd7 14. Nf1 Rfc8 15.
Bd3 Nc6 16. Be3 Nb4 17. Rc1 Qb8 18. Rxc8+ Bxc8 19. Bb1 a5 20. Ng3 g6 21. a3 Na6
22. Ba2 Bd7 23. Ng5 Be8 24. f4 Qc7 25. Nf3 Rd8 26. fxe5 dxe5 27. Nxe5 Bd6 28.
Qf3 Bxe5 29. dxe5 Qxe5 30. Rf1 Kg7 31. Rf2 Nb8 32. Bb6 Rc8 33. Bxa5 Rc1+ 34.
Kh2 Nbd7 35. Bc3 Qg5 36. Bd2 Qc5 37. Bxc1 Qxc1 38. e5 Ng8 39. e6 Ne5 40. Qc3
Qxc3 41. bxc3 f5 42. Ne2 Nf6 43. Nd4 Ne4 44. Rc2 Kf6 45. c4 bxc4 46. Bxc4 Ba4
47. Rc1 g5 48. Bd5 Nd6 49. Rc7 h5 50. Ra7 Be8 51. a4 f4 52. Ra6 Ke7 53. Nf3
Nxf3+ 54. gxf3 Bg6 55. a5 Nb5 56. Rb6 Bd3 57. a6 Nc7 58. Rb7 Bxa6 59. Rxc7+ 1-0

[Event "32. Copenhagen Open (Politiken Cup)"]
[Site "Elsinore"]
[Date "2010.07.31"]
[Round "1"]
[White "Solli, Oddvar"]
[Black "Bulski, Krzysztof"]
[Result "0-1"]
[WhiteElo "1914"]
[BlackElo "2434"]
[PlyCount "40"]
[EventDate "2010.07.31"]
[EventType "swiss"]
[EventRounds "10"]
[EventCountry "DEN"]
[Source "ChessBase"]
[SourceDate "2010.09.01"]

1. Nf3 Nf6 2. c4 e6 3. g3 b6 4. Bg2 Bb7 5. O-O g6 6. Nc3 Bg7 7. d4 Ne4 8. Nxe4
Bxe4 9. Bg5 Qc8 10. Ne1 Bxg2 11. Nxg2 Qa6 12. b3 O-O 13. Qd2 Nc6 14. d5 Nd4 15.
Rad1 exd5 16. cxd5 Qb5 17. Ne3 Rfe8 18. Bf4 c6 19. dxc6 dxc6 20. Nc4 Rxe2 0-1

[Event "32. Copenhagen Open (Politiken Cup)"]
[Site "Elsinore"]
[Date "2010.07.31"]
[Round "1"]
[White "Sorensen, Dick"]
[Black "Hansen, Sune Berg"]
[Result "0-1"]
[WhiteElo "1949"]
[BlackElo "2595"]
[PlyCount "88"]
[EventDate "2010.07.31"]
[EventType "swiss"]
[EventRounds "10"]
[EventCountry "DEN"]
[Source "ChessBase"]
[SourceDate "2010.09.01"]

1. d4 d5 2. Nf3 Nf6 3. Bf4 c5 4. e3 Nc6 5. c3 Qb6 6. Qc1 Bf5 7. Be2 e6 8. O-O
Be7 9. h3 O-O 10. Nbd2 Nd7 11. Bh2 Rfc8 12. Ne5 Ncxe5 13. dxe5 c4 14. e4 Bg6
15. exd5 exd5 16. Bg4 Rd8 17. Bxd7 Rxd7 18. Nf3 Bc5 19. Bg3 Be4 20. Ng5 Bd3 21.
Re1 Re8 22. Qf4 Qxb2 23. Qg4 Rde7 24. Rac1 h6 25. Nf3 Be4 26. Nd4 Bxd4 27. cxd4
Qxd4 28. Kh2 Qb6 29. f4 Qg6 30. Qe2 f5 31. Bh4 Rc7 32. g4 b5 33. Rg1 d4 34. Qb2
Qb6 35. gxf5 Bxf5 36. Bf6 Kh7 37. Rxg7+ Rxg7 38. Bxg7 Kxg7 39. Rg1+ Kh7 40. Qg2
Qc7 41. Qd5 Qd7 42. Qc5 Rc8 43. Qb4 c3 44. Qb3 c2 0-1

[Event "32. Copenhagen Open (Politiken Cup)"]
[Site "Elsinore"]
[Date "2010.07.31"]
[Round "1"]
[White "Sorensen, Torben N"]
[Black "Nielsen, Preben"]
[Result "1-0"]
[WhiteElo "2419"]
[BlackElo "1911"]
[PlyCount "105"]
[EventDate "2010.07.31"]
[EventType "swiss"]
[EventRounds "10"]
[EventCountry "DEN"]
[Source "ChessBase"]
[SourceDate "2010.09.01"]

1. Nf3 Nf6 2. c4 c5 3. Nc3 Nc6 4. g3 g6 5. Bg2 Bg7 6. O-O O-O 7. d3 d6 8. a3
Bd7 9. Rb1 Qc8 10. Re1 Bh3 11. Bh1 h6 12. b4 Re8 13. bxc5 dxc5 14. Nd2 b6 15.
Bb2 Rb8 16. Nde4 Nxe4 17. Bxe4 Bd7 18. h4 h5 19. Nd5 Bxb2 20. Rxb2 Na5 21. Qd2
Bf5 22. Bg2 Kg7 23. Kh2 Qd7 24. Qc3+ e5 25. Rf1 Nc6 26. Ne3 Nd4 27. Nxf5+ Nxf5
28. Bh3 Qd4 29. Qxd4 Nxd4 30. Bg2 Re7 31. a4 a6 32. Rfb1 Re6 33. a5 b5 34. e3
Nc6 35. Bxc6 Rxc6 36. cxb5 axb5 37. Rxb5 Ra8 38. Rc1 Rd6 39. Rcxc5 Rxd3 40.
Rxe5 Rd2 41. Kg2 Ra7 42. Red5 Ra2 43. Kf3 Ra4 44. e4 Ra3+ 45. Kf4 Ra4 46. Ke3
Ra2 47. e5 Ra4 48. Kd3 Ra2 49. Kc4 Ra4+ 50. Kb3 Ra1 51. Kb4 Ra2 52. f4 Ra1 53.
Rd3 1-0

[Event "32. Copenhagen Open (Politiken Cup)"]
[Site "Elsinore"]
[Date "2010.07.31"]
[Round "1"]
[White "Stojanovski, Sandi"]
[Black "Larsen, Eigil"]
[Result "1-0"]
[WhiteElo "2208"]
[BlackElo "1813"]
[PlyCount "55"]
[EventDate "2010.07.31"]
[EventType "swiss"]
[EventRounds "10"]
[EventCountry "DEN"]
[Source "ChessBase"]
[SourceDate "2010.09.01"]

1. d4 Nf6 2. c4 e6 3. Nc3 Bb4 4. e3 O-O 5. Nge2 d5 6. a3 Bd6 7. c5 Be7 8. b4 c6
9. Ng3 Nbd7 10. f4 Qc7 11. Bd3 Re8 12. O-O Nf8 13. Ra2 N6d7 14. e4 dxe4 15.
Bxe4 Nf6 16. Bb1 Bd7 17. f5 Rad8 18. Bf4 Qc8 19. Be5 exf5 20. Nxf5 Bxf5 21.
Bxf5 Ne6 22. Qf3 Nd7 23. Bxh7+ Kxh7 24. Qh5+ Kg8 25. Qxf7+ Kh8 26. Rf5 Ndf8 27.
Rh5+ Nh7 28. Qg6 1-0

[Event "32. Copenhagen Open (Politiken Cup)"]
[Site "Elsinore"]
[Date "2010.07.31"]
[Round "1"]
[White "Taylor, Graham Christopher"]
[Black "Czarnota, Dorota"]
[Result "1/2-1/2"]
[WhiteElo "2160"]
[BlackElo "2214"]
[PlyCount "51"]
[EventDate "2010.07.31"]
[EventType "swiss"]
[EventRounds "10"]
[EventCountry "DEN"]
[Source "ChessBase"]
[SourceDate "2010.09.01"]

1. c4 Nf6 2. Nc3 g6 3. e4 d6 4. g3 Bg7 5. Bg2 O-O 6. Nge2 e5 7. O-O Be6 8. d3
Qd7 9. Nd5 Nc6 10. Bg5 Ng4 11. f3 f6 12. Bd2 Nh6 13. Be3 a5 14. Qd2 Nf7 15.
Rac1 f5 16. exf5 Bxf5 17. d4 Rae8 18. dxe5 Nfxe5 19. b3 Rf7 20. Nef4 Qc8 21. g4
Bd7 22. Kh1 b6 23. Rce1 Ref8 24. Qe2 Qd8 25. Nd3 Bc8 26. h3 1/2-1/2

[Event "32. Copenhagen Open (Politiken Cup)"]
[Site "Elsinore"]
[Date "2010.07.31"]
[Round "1"]
[White "Thingstad, Even"]
[Black "Rasmussen, Ole H"]
[Result "1-0"]
[WhiteElo "2142"]
[BlackElo "1746"]
[PlyCount "81"]
[EventDate "2010.07.31"]
[EventType "swiss"]
[EventRounds "10"]
[EventCountry "DEN"]
[Source "ChessBase"]
[SourceDate "2010.09.01"]

1. d4 Nf6 2. c4 c5 3. d5 b5 4. cxb5 a6 5. bxa6 Bxa6 6. g3 d6 7. b3 g6 8. Bb2
Bg7 9. Bg2 O-O 10. Nf3 Nbd7 11. Nc3 Bb7 12. Rb1 Nb6 13. Nh4 Qc8 14. O-O g5 15.
Nf3 h6 16. Ne1 c4 17. b4 Qd7 18. Nc2 Na4 19. Nxa4 Rxa4 20. a3 Rc8 21. Bc3 Rca8
22. Rc1 Qb5 23. Ne3 Ne8 24. Bxg7 Nxg7 25. Nxc4 Rc8 26. Qb3 Rca8 27. Qe3 Re8 28.
Rc3 Ra6 29. Qd3 Qd7 30. Rfc1 Rc8 31. Na5 Rxc3 32. Qxc3 Ne8 33. e4 f6 34. Nxb7
Qxb7 35. Qc8 Qxc8 36. Rxc8 Kf7 37. Bh3 Ng7 38. Rc3 h5 39. b5 Ra7 40. Bc8 Ra5
41. Rb3 1-0

[Event "32. Copenhagen Open (Politiken Cup)"]
[Site "Elsinore"]
[Date "2010.07.31"]
[Round "1"]
[White "Wiecker, Stefan"]
[Black "Molvig, Julius"]
[Result "1-0"]
[WhiteElo "2188"]
[BlackElo "1806"]
[PlyCount "57"]
[EventDate "2010.07.31"]
[EventType "swiss"]
[EventRounds "10"]
[EventCountry "DEN"]
[Source "ChessBase"]
[SourceDate "2010.09.01"]

1. e4 c5 2. Nf3 d6 3. d4 cxd4 4. Nxd4 Nf6 5. Nc3 a6 6. Bc4 e6 7. Bb3 Be7 8. Be3
O-O 9. g4 Qa5 10. O-O g6 11. g5 Nh5 12. Qd2 Qc7 13. f4 Ng7 14. f5 exf5 15. exf5
Bxf5 16. Nd5 Qd8 17. Nxf5 Nxf5 18. Rxf5 gxf5 19. Bb6 Qd7 20. Re1 Bd8 21. Bxd8
Qxd8 22. Ne7+ Kg7 23. Qd4+ f6 24. gxf6+ Rxf6 25. Re6 Nd7 26. Nxf5+ Kf8 27.
Qxd6+ Kf7 28. Rxf6+ Ke8 29. Ng7# 1-0

[Event "32. Copenhagen Open (Politiken Cup)"]
[Site "Elsinore"]
[Date "2010.07.31"]
[Round "1"]
[White "Wimo, Jorgen"]
[Black "Eklund, Joel"]
[Result "0-1"]
[WhiteElo "1807"]
[BlackElo "2192"]
[PlyCount "94"]
[EventDate "2010.07.31"]
[EventType "swiss"]
[EventRounds "10"]
[EventCountry "DEN"]
[Source "ChessBase"]
[SourceDate "2010.09.01"]

1. e4 c5 2. Nf3 e6 3. d4 cxd4 4. Nxd4 a6 5. Nc3 Qc7 6. Be3 Bb4 7. Nde2 Nf6 8.
f3 Nc6 9. a3 Be7 10. Qd2 b5 11. g4 Ne5 12. Nd4 Bb7 13. Be2 b4 14. axb4 Bxb4 15.
Rg1 Bxe4 16. Bf4 Bb7 17. Bxe5 Qxe5 18. O-O-O Nd5 19. Bc4 Bxc3 20. bxc3 Qe3 21.
Bxd5 Qxd2+ 22. Rxd2 Bxd5 23. Re1 O-O 24. Re3 Rfb8 25. f4 a5 26. c4 Bxc4 27. Ra3
a4 28. Nf3 Bd5 29. Ne5 d6 30. Nd3 Kf8 31. f5 Ke7 32. Nf4 Rb4 33. Nxd5+ exd5 34.
h3 d4 35. Rdd3 Kf6 36. Rf3 Rc4 37. Rfd3 h6 38. Kd1 Rb8 39. Rd2 Rb2 40. Rad3
Rb1+ 41. Ke2 Ke5 42. Kf3 Rf1+ 43. Kg2 Rc1 44. Re2+ Kd5 45. Red2 R1xc2 46. Rxd4+
Rxd4 47. Rxc2 a3 0-1

[Event "32. Copenhagen Open (Politiken Cup)"]
[Site "Elsinore"]
[Date "2010.08.01"]
[Round "2"]
[White "Aagaard, Jacob"]
[Black "Rostgaard, Tobias Valentin"]
[Result "1-0"]
[WhiteElo "2542"]
[BlackElo "2103"]
[PlyCount "67"]
[EventDate "2010.07.31"]
[EventType "swiss"]
[EventRounds "10"]
[EventCountry "DEN"]
[Source "ChessBase"]
[SourceDate "2010.09.01"]

1. c4 e5 2. g3 Nc6 3. Bg2 g6 4. Nc3 Bg7 5. Rb1 d6 6. b4 Nf6 7. b5 Ne7 8. e4 O-O
9. Nf3 Be6 10. d3 h6 11. O-O Nd7 12. Nd5 Nc5 13. Be3 Kh7 14. Re1 Qd7 15. Nxe5
Bxe5 16. d4 c6 17. dxe5 cxd5 18. cxd5 Bg4 19. Qd2 Rfc8 20. exd6 Ng8 21. Rbc1 b6
22. e5 Qxb5 23. Bxc5 Rxc5 24. Qf4 Bf5 25. g4 Bd3 26. Qxf7+ Kh8 27. Rcd1 Rcc8
28. Qf3 Bc4 29. e6 Rf8 30. Qc3+ Kh7 31. Rc1 Bxd5 32. a4 Qxa4 33. Bxd5 Qxg4+ 34.
Qg3 1-0

[Event "32. Copenhagen Open (Politiken Cup)"]
[Site "Elsinore"]
[Date "2010.08.01"]
[Round "2"]
[White "Andersen, Harry"]
[Black "Hansen, Erik Friberg"]
[Result "1/2-1/2"]
[WhiteElo "1871"]
[BlackElo "1558"]
[PlyCount "62"]
[EventDate "2010.07.31"]
[EventType "swiss"]
[EventRounds "10"]
[EventCountry "DEN"]
[Source "ChessBase"]
[SourceDate "2010.09.01"]

1. e4 d5 2. exd5 Qxd5 3. Nc3 Qa5 4. d4 c6 5. Nf3 Bg4 6. Bd2 Qc7 7. Bc4 Nf6 8.
Qe2 e6 9. h3 Bh5 10. O-O-O Nbd7 11. g4 Bg6 12. Ne5 Bd6 13. f4 Bxe5 14. dxe5 Nd5
15. Bxd5 cxd5 16. f5 exf5 17. Nxd5 Qc6 18. Bb4 Nc5 19. g5 Rc8 20. Rh2 Rd8 21.
Qc4 Rc8 22. Rhd2 Bh5 23. Qxc5 Qxc5 24. Bxc5 Bxd1 25. Bxa7 Bf3 26. Nb6 Rd8 27.
Nc4 Rxd2 28. Kxd2 O-O 29. Bc5 Rd8+ 30. Ke3 Be4 31. c3 Rd3+ 1/2-1/2

[Event "32. Copenhagen Open (Politiken Cup)"]
[Site "Elsinore"]
[Date "2010.08.01"]
[Round "2"]
[White "Andreassen, Mikkel"]
[Black "Caceres, Cipriano Sande"]
[Result "1-0"]
[WhiteElo "1968"]
[BlackElo "1745"]
[PlyCount "93"]
[EventDate "2010.07.31"]
[EventType "swiss"]
[EventRounds "10"]
[EventCountry "DEN"]
[Source "ChessBase"]
[SourceDate "2010.09.01"]

1. d4 Nf6 2. c4 e6 3. Nc3 d5 4. Nf3 c5 5. g3 cxd4 6. Nxd4 Bc5 7. cxd5 exd5 8.
Bg2 O-O 9. O-O b6 10. Bg5 Bb7 11. a3 h6 12. Be3 Nc6 13. Ncb5 a6 14. Nxc6 Bxc6
15. Nd4 Bb7 16. b4 Bxd4 17. Bxd4 Qd6 18. Qb3 Rfd8 19. Rfd1 Qe6 20. Ra2 Rac8 21.
Rad2 Rc4 22. Bxf6 gxf6 23. Qxc4 dxc4 24. Rxd8+ Kg7 25. Bxb7 Qxe2 26. R8d2 Qe5
27. Rc2 b5 28. Bxa6 f5 29. Bb7 Qc7 30. Bg2 h5 31. Rd5 f4 32. Rxh5 Qd6 33. Rd5
Qg6 34. Rc1 fxg3 35. hxg3 Qh6 36. Rcd1 Qa6 37. Ra1 Qf6 38. Rdd1 c3 39. Ra2 Qe6
40. Bd5 Qa6 41. Rc1 Qa4 42. Kg2 f5 43. Rxc3 Qd1 44. Bf3 Qd6 45. Rac2 Qd4 46.
Rc7+ Kf6 47. R2c6+ 1-0

[Event "32. Copenhagen Open (Politiken Cup)"]
[Site "Elsinore"]
[Date "2010.08.01"]
[Round "2"]
[White "Bach, Matthias"]
[Black "Preuss, Flemming"]
[Result "1-0"]
[WhiteElo "2303"]
[BlackElo "2039"]
[PlyCount "91"]
[EventDate "2010.07.31"]
[EventType "swiss"]
[EventRounds "10"]
[EventCountry "DEN"]
[Source "ChessBase"]
[SourceDate "2010.09.01"]

1. e4 d6 2. c4 Nf6 3. Nc3 e5 4. g3 Nc6 5. Bg2 Nd4 6. h3 c5 7. Nge2 Be7 8. O-O
a6 9. a4 Be6 10. d3 Qd7 11. Kh2 a5 12. f4 g6 13. Nxd4 cxd4 14. Nb5 O-O 15. Qf3
Qc6 16. g4 Bd7 17. f5 gxf5 18. exf5 Qxf3 19. Bxf3 Bc6 20. g5 Ne8 21. f6 Bd8 22.
b3 Bb6 23. Ba3 Rd8 24. Rac1 Bxf3 25. Rxf3 Rd7 26. Rf5 Nc7 27. Nxd6 Ne6 28. Ne4
Nf4 29. Bxf8 Kxf8 30. Rd1 Ne6 31. Kg3 Bc7 32. Kg4 b6 33. h4 Nf4 34. Rd2 Rd8 35.
Kf3 Ke8 36. Nf2 Kd7 37. Rxf4 exf4 38. Re2 Bd6 39. Nh3 h6 40. Nxf4 hxg5 41. hxg5
Rh8 42. Re4 Rh1 43. Rxd4 Rb1 44. g6 fxg6 45. f7 Rf1+ 46. Ke2 1-0

[Event "32. Copenhagen Open (Politiken Cup)"]
[Site "Elsinore"]
[Date "2010.08.01"]
[Round "2"]
[White "Bjorneboe, Kristian"]
[Black "Haubro, Sigfred"]
[Result "0-1"]
[WhiteElo "1979"]
[BlackElo "2166"]
[PlyCount "92"]
[EventDate "2010.07.31"]
[EventType "swiss"]
[EventRounds "10"]
[EventCountry "DEN"]
[Source "ChessBase"]
[SourceDate "2010.09.01"]

1. d4 d5 2. Nf3 e6 3. Bf4 f5 4. e3 Nf6 5. Nbd2 Be7 6. Bd3 O-O 7. h3 c5 8. c3
Nc6 9. Ne5 Bd6 10. Nxc6 bxc6 11. Bxd6 Qxd6 12. f4 cxd4 13. cxd4 c5 14. O-O Rb8
15. Rb1 cxd4 16. exd4 Ba6 17. Bxa6 Qxa6 18. a3 Qd3 19. Nf3 Qe3+ 20. Kh1 Ne4 21.
Qe1 Qxf4 22. Kg1 Rb3 23. Qa5 Qe3+ 24. Kh2 Nf2 25. Qc7 Nd3 26. Qxa7 h6 27. Qe7
Rf6 28. Qe8+ Kh7 29. Qa4 Rxb2 30. Rxb2 Nxb2 31. Qc2 Nc4 32. a4 Rg6 33. Qc1 Qb3
34. Qa1 Nd2 35. Rf2 Nxf3+ 36. gxf3 Qe3 37. Qb2 Qf4+ 38. Kh1 Rg3 39. Qd2 Rxh3+
40. Kg1 Qh4 41. Kf1 Rh1+ 42. Ke2 Ra1 43. a5 Qh1 44. Qc3 Ra2+ 45. Ke3 Qg1 46.
Qe1 Qxe1+ 0-1

[Event "32. Copenhagen Open (Politiken Cup)"]
[Site "Elsinore"]
[Date "2010.08.01"]
[Round "2"]
[White "Boje, Tobias Rosholm"]
[Black "Larsen, Karsten"]
[Result "0-1"]
[WhiteElo "2028"]
[BlackElo "2293"]
[PlyCount "86"]
[EventDate "2010.07.31"]
[EventType "swiss"]
[EventRounds "10"]
[EventCountry "DEN"]
[Source "ChessBase"]
[SourceDate "2010.09.01"]

1. Nf3 Nf6 2. g3 d5 3. Bg2 c6 4. d3 Bf5 5. O-O e6 6. Nbd2 h6 7. c3 Be7 8. Qc2
O-O 9. e4 dxe4 10. dxe4 Bh7 11. Re1 Nbd7 12. Nb3 Qc7 13. Bf4 e5 14. Bd2 a5 15.
a4 Qb6 16. Nh4 Ng4 17. Be3 Nxe3 18. Rxe3 Bxh4 19. gxh4 Nf6 20. Rd1 Rad8 21. Nd2
Nh5 22. Nc4 Qc7 23. Red3 Nf4 24. R3d2 Qe7 25. Nxa5 Rxd2 26. Rxd2 Qxh4 27. f3
Qe1+ 28. Bf1 Nh3+ 29. Kg2 Nf4+ 30. Kg1 f5 31. Rd1 Nh3+ 32. Kg2 Qh4 33. Bc4+ Kh8
34. Bd3 Nf4+ 35. Kh1 Nxd3 36. Qxd3 fxe4 37. Qd6 Rg8 38. Qxe5 exf3 39. Qd4 Be4
40. Kg1 Qg4+ 41. Kf2 Qg2+ 42. Ke3 Qe2+ 43. Kf4 Rf8+ 0-1

[Event "32. Copenhagen Open (Politiken Cup)"]
[Site "Elsinore"]
[Date "2010.08.01"]
[Round "2"]
[White "Brauener, Jonathan"]
[Black "Hatzipanteli, Theodora"]
[Result "1-0"]
[WhiteElo "1885"]
[BlackElo "1572"]
[PlyCount "89"]
[EventDate "2010.07.31"]
[EventType "swiss"]
[EventRounds "10"]
[EventCountry "DEN"]
[Source "ChessBase"]
[SourceDate "2010.09.01"]

1. c4 g6 2. g3 Bg7 3. Bg2 d6 4. Nc3 c5 5. a3 Nf6 6. d3 O-O 7. Bg5 Na6 8. e4 Nc7
9. h3 Nfe8 10. Nge2 h6 11. Be3 Rb8 12. Qd2 Kh7 13. O-O b6 14. d4 Ba6 15. b3 Nf6
16. a4 Nd7 17. Nb5 Bb7 18. Nxa7 Ra8 19. Nb5 Na6 20. Rad1 Qc8 21. f4 f5 22. exf5
Bxg2 23. fxg6+ Kxg6 24. Qd3+ Kf7 25. Kxg2 Nb4 26. Qb1 Nf6 27. d5 Kg8 28. Bd2
Na6 29. Bc3 Qe8 30. Rde1 Qh5 31. Ng1 Kh8 32. Rxe7 Rab8 33. Nf3 Rf7 34. Rfe1 Ng8
35. Bxg7+ Kxg7 36. Qb2+ Kh7 37. Qc2+ Kg7 38. Qc3+ Kh7 39. Rxf7+ Qxf7 40. Nxd6
Qd7 41. Qe5 Rf8 42. Nh4 Rf6 43. Ne8 Rf7 44. Qe4+ Rf5 45. Nxf5 1-0

[Event "32. Copenhagen Open (Politiken Cup)"]
[Site "Elsinore"]
[Date "2010.08.01"]
[Round "2"]
[White "Bremer, Erik"]
[Black "Kyrkjebo, Erlend"]
[Result "0-1"]
[WhiteElo "1669"]
[BlackElo "1922"]
[PlyCount "66"]
[EventDate "2010.07.31"]
[EventType "swiss"]
[EventRounds "10"]
[EventCountry "DEN"]
[Source "ChessBase"]
[SourceDate "2010.09.01"]

1. f4 d5 2. Nf3 Bg4 3. e3 e6 4. Be2 Nf6 5. b3 c5 6. Bb2 Nc6 7. c4 Be7 8. d3 O-O
9. O-O Qc7 10. Ne5 Bxe2 11. Qxe2 Rad8 12. Nd2 d4 13. Nxc6 Qxc6 14. e4 g6 15. e5
Ne8 16. Rae1 Ng7 17. Rf3 h5 18. Bc1 Nf5 19. Nf1 Kg7 20. Rh3 Rh8 21. Ng3 Nh6 22.
Nxh5+ gxh5 23. Qxh5 Rdg8 24. f5 Nxf5 25. Qg4+ Kf8 26. Rxh8 Rxh8 27. Re4 Rg8 28.
Qh3 Bg5 29. Bf4 Bxf4 30. Rxf4 Qa6 31. Rf2 Qa5 32. Qf3 Qe1+ 33. Rf1 Qe3+ 0-1

[Event "32. Copenhagen Open (Politiken Cup)"]
[Site "Elsinore"]
[Date "2010.08.01"]
[Round "2"]
[White "Brunello, Sabino"]
[Black "Guttulsrud, Odd Martin"]
[Result "1-0"]
[WhiteElo "2488"]
[BlackElo "2073"]
[PlyCount "91"]
[EventDate "2010.07.31"]
[EventType "swiss"]
[EventRounds "10"]
[EventCountry "DEN"]
[Source "ChessBase"]
[SourceDate "2010.09.01"]

1. d4 Nf6 2. Nf3 g6 3. g3 Bg7 4. Bg2 O-O 5. O-O d6 6. Re1 Nc6 7. e4 e5 8. c3 a6
9. Nbd2 b5 10. Nb3 Rb8 11. a4 Re8 12. axb5 axb5 13. Qc2 Bd7 14. d5 Ne7 15. h3
c6 16. dxc6 Bxc6 17. Bg5 Qc7 18. Rad1 Rbd8 19. Nh2 d5 20. exd5 Bxd5 21. Ng4
Bxg2 22. Kxg2 Rxd1 23. Rxd1 Nxg4 24. hxg4 Qc4 25. f3 Nc6 26. Re1 Rc8 27. Nd2
Qd5 28. Ne4 Qe6 29. Rd1 Nd4 30. Qd3 f5 31. gxf5 gxf5 32. Nf2 Nc6 33. Qxb5 Rb8
34. Qe2 Qb3 35. Bc1 Na5 36. Qa6 Qb6 37. Qd3 Qe6 38. Rh1 Nb3 39. Be3 Re8 40. Rh4
Bf6 41. Rb4 Rd8 42. Qc2 Na5 43. Rb6 Nc6 44. b4 f4 45. gxf4 exf4 46. Bxf4 1-0

[Event "32. Copenhagen Open (Politiken Cup)"]
[Site "Elsinore"]
[Date "2010.08.01"]
[Round "2"]
[White "Brynell, Stellan"]
[Black "Holm, Kristian Stuvik"]
[Result "1/2-1/2"]
[WhiteElo "2495"]
[BlackElo "2086"]
[PlyCount "46"]
[EventDate "2010.07.31"]
[EventType "swiss"]
[EventRounds "10"]
[EventCountry "DEN"]
[Source "ChessBase"]
[SourceDate "2010.09.01"]

1. d4 Nf6 2. c4 c5 3. e3 g6 4. Nc3 Bg7 5. Nf3 O-O 6. Be2 cxd4 7. exd4 d5 8. O-O
Nc6 9. h3 Bf5 10. a3 dxc4 11. Bxc4 Ne4 12. Re1 Nd6 13. Ba2 Rc8 14. Bg5 h6 15.
Bh4 g5 16. Bg3 Re8 17. Rc1 Qb6 18. Na4 Qa6 19. Nc5 Qb6 20. b4 a5 21. d5 Na7 22.
Qd2 Nab5 23. Re3 Nxa3 1/2-1/2